| 000 | 00430 a2200133 4500 | ||
|---|---|---|---|
| 001 | 92198 | ||
| 082 | _aPR 2469 | ||
| 090 |
_c44157 _d44156 |
||
| 100 | _aMuhammad Muzammel Talha; Prof Shaib Salamat and Prof Mudassir (Advisors) | ||
| 245 |
_aDesign and Development of Training and R&D Information Database Management system (DBMS) _n77 "A" EC |
||
| 260 |
_bNUST _c2014 _aIslamabad |
||
| 300 | _a106p. | ||
| 500 | _aBE Project Report | ||
| 942 |
_aCAE NUST _kPR 2469 |
||
| 999 |
_c327271 _d327271 |
||